000 00392nam a2200157Ia 4500
008 230917s9999||||xx |||||||||||||| ||und||
040 _e81132
_aMAIN
041 _aEnglish
082 _a342.54 P192C
100 _aPande, G S
245 4 _aThe constitutional law of India
250 _a2nd ed.
260 _aAllahabad
_bAllahabad Law Agency
_c1981
300 _axxii, 440 p.
942 _cBK
999 _c216237
_d216237